000 02084nam a22002177a 4500
005 20260130090947.0
008 220609b ||||| |||| 00| 0 eng d
020 _a9789354899089
040 _cAloy
041 _aeng
082 _223
_a820.33
_bSANM
100 _aAshwin Sanghi
_9253225
245 _aMagicians of Mazda
260 _aHaryana
_bHarper Collins Publishers India
_c2022
300 _axxiiii,468p
_bPB
_c19x13cm
365 _2English
_aBLCR-000033
_b360.00
_c
_d450.00
_e20%
_fBLCR-000033
520 _aYATHA AHU VAIRYO ATHA RATUSH ASHAT CHIT HACHA VANGHEUSH... AS THE MASTER, SO IS THE JUDGE TO BE CHOSEN IN ACCORD WITH TRUTH. A fleet of boats dock at the port of Sanjan in Gujarat in 720 CE. They carry eighteen thousand frightened souls fleeing the cruelty of Iran's Umayyad Caliphate. Chanting Sanskrit-like prayers, the high priest consecrates a sacred fire to thank their god, Ahura Mazda, leading them to a new home and hope. He uses a mysterious substance to spark the flame, but few know of its miraculous properties or provenance. Centuries later, Parsi scientist Jim Dastoor is abducted from his Seattle laboratory and whisked away to Tehran. The Ayatollah believes Jim is the key to uncovering the ancient relic known as the Athravan Star and his men will do anything to possess it, even murder. From the ancient ruins of Persepolis to the Taliban camps of Afghanistan, from the womb of an Udvada fire temple to the icy mountains of Kashmir, from the dreadful coffin cells of Tehran to the deathly calm of Diu's Tower of Silence, Jim and his historian wife, Linda, are sucked into a terrifying chase across vividly changing landscapes. Deftly navigating between time and geography, The Magicians of Mazda travels backwards, through the epochs of Islamic jihad, Macedonian revenge, Achaemenid glory, messianic birth, Aryan schism-to the Vedic fount from where it began. This is Ashwin Sanghi's most gripping and provocative novel yet.
650 _aIndian English Fiction
_941262
650 _aIndian English Literature
_941263
942 _2ddc
_cBK
999 _c223310
_d223310